Która rzeka jest dłuższa? - Statystyki

Ogólne statystyki
  • Ten quiz został rozwiązany 27 razy
  • Średni wynik to 7 z 15
Statystyki odpowiedzi
Zagadnienie Odpowiedź % Poprawnych
Dniestr - Ren Dniestr
100%
Orinoko - Dunaj Dunaj
100%
Pilica - Noteć Noteć
100%
Wieprz - Bóbr :) Wieprz
100%
Biebrza - Bzura Bzura
50%
Darling - Ural Darling
50%
Wisła - Łaba Łaba
50%
Jukon - Lena Lena
50%
Don - Murray Murray
50%
Brda - Wkra Wkra
50%
Dniepr - Kolorado Kolorado
0%
Tanew - Krzna Krzna
0%
Wołga - Missouri Missouri
0%
Kongo - Parana Parana
0%
Rio Grande - Zambezi Rio Grande
0%
Nie znaleziono quizów pasujących do podanych kryteriów
Rozkład punktacji
Procent ludzi z każdym wynikiem
Percentyl według liczby udzielonych odpowiedzi
Twoja historia wyników
Nie rozwiązałeś tego quizu